000 00682nam a22002057a 4500
005 20220418141803.0
008 220418b ||||| |||| 00| 0 eng d
020 _a978-0-367-20121-0
040 _cAIMIT LIBRARY
082 _21
_a658
_bDRUP
100 _aDrucker, Peter F.
_930128
245 _aManaging in a time of great :
_bstill the youngest of minds-forbes /
_cBy Peter F. Drucker
250 _a1st ed.
_bSpecial Indian Edition
260 _aLondon,
_aNew york :
_bRoutledge,
_c2019.
300 _axii, 317p. ;
_b23 cm.
650 _aInformation Based Organization
_930129
650 _aThe Economy
_930130
650 _aThe Society
_930131
942 _2ddc
_cBK
_e1st
_k658 DRUP
999 _c222454
_d222454